بيئة التطرف الديني و الإرهاب / (رقم التسجيلة. 131879)

تفاصيل مارك
000 -LEADER
fixed length control field 00529nam a22001697a 4500
005 - DATE AND TIME OF LATEST TRANSACTION
control field 20251108175336.0
008 - FIXED-LENGTH DATA ELEMENTS--GENERAL INFORMATION
fixed length control field 250721s2015 xx 000 0 ara d
082 14 - DEWEY DECIMAL CLASSIFICATION NUMBER
Classification number 303.625/عبد
100 1# - MAIN ENTRY--PERSONAL NAME
Personal name عبدالله، عبدالله بن مسلم ولد
245 10 - TITLE STATEMENT
Title بيئة التطرف الديني و الإرهاب /
264 1# - PRODUCTION, PUBLICATION, DISTRIBUTION, MANUFACTURE, AND COPYRIGHT NOTICE
Place of production, publication, distribution, manufacture عمان :
Name of producer, publisher, distributor, manufacturer دار الياقوت للطباعة،
Date of production, publication, distribution, manufacture, or copyright notice 2015.
300 ## - PHYSICAL DESCRIPTION
Extent 198 ص.
650 17 - SUBJECT ADDED ENTRY--TOPICAL TERM
Topical term or geographic name as entry element الإرهاب
653 ## - INDEX TERM--UNCONTROLLED
Uncontrolled term التطرف الديني
942 ## - ADDED ENTRY ELEMENTS (KOHA)
Source of classification or shelving scheme Dewey Decimal Classification
Koha item type كتب
المقتنيات
حالة السحب حالة الفقدان مصدر التصنيف حالة التلف غير قابل للإعارة المكتبة الرئيسية المكتبة الحالية موقع الرف تاريخ التزويد الرقم المتسلسل Total Checkouts رقم الإستدعاء الباركود تاريخ آخر ظهور تاريخ الفاتورة نوع المادة (كوها)
    Dewey Decimal Classification     المكتبة المركزية المكتبة المركزية الإعارة 28/07/2025 1610284   303.625/عبد PLD00341809 28/07/2025 28/07/2025 كتب
    Dewey Decimal Classification     مكتبة أم قصير والمقابلين العامة مكتبة أم قصير والمقابلين العامة الإعارة 16/08/2015 1610287   303.625/عبد PLD00341879 28/07/2025 16/08/2015 كتب
    Dewey Decimal Classification     مكتبة الاميرة بديعة مكتبة الاميرة بديعة الإعارة 16/08/2015 1610288   303.625/عبد PLD00341880 28/07/2025 16/08/2015 كتب
    Dewey Decimal Classification     مكتبة الجويدة مكتبة الجويدة الإعارة 16/08/2015 1610286   303.625/عبد PLD00341878 28/07/2025 16/08/2015 كتب
    Dewey Decimal Classification     مكتبة النصر العامة مكتبة النصر العامة الإعارة 16/08/2015 1610285   303.625/عبد PLD00341877 28/07/2025 16/08/2015 كتب
Implemented & Customized by: BBB with SCIT (Smart Chains for Information Technology)

Powered by Koha